000 00967nam a2200265 i 4500
001 bg
100 1 _aKUCHARSKI, Stanisław
245 1 0 _aIdentyfikacja własności i ewolucja stanu technologicznej warstwy wierzchniej elementów obciążonych monotonicznie i cyklicznie /
_cStanisław Kucharski.
260 _aWarszawa :
_bInstytut Podstawowych Problemów Techniki PAN,
_c2002.
300 _a291 s. :
_bwykr. ;
_c21 cm.
490 1 _aPrace IPPT,
_x0208-5658 ;
_v4/2002
500 _aStreszcz. ang.
504 _aBibliogr.
650 9 _aInżynieria powierzchni
_xbadanie
650 9 _aPowierzchnia
_xbadanie
650 9 _aWytrzymałość materiałów
_xbadanie
650 9 _aNaprężenia i odkształcenia
_xbadanie
650 9 _aMetoda elementów skończonych
_xstosowanie
_xmechanika
830 _aPrace IPPT,
_x0208-5658 ;
040 _cBPK
041 0 _apol
080 _a621.791/.795:539.3/.5
942 _cKS
008 s pl f |000 0 pol
999 _c45286
_d45286
856 _uhttp://koha.tu.koszalin.pl/cgi-bin/koha/opac-detail.pl?biblionumber=45286
_yKatalog online BPK